Vainqueurs de la Coupe de France depuis 1918 - Statistiques

Statistiques générales
  • Ce quiz a été pris 455 fois
    62 depuis la dernière actualisation
  • Le résultat moyen est 91 sur 107
Statistiques - réponses
Hint Réponse % Correct
1946 | 1947 | 1948 | +3 others LOSC Lille
100%
1964 Olympique Lyonnais
100%
1967 | 1973 | 2008 | 2012 Olympique lyonnais
100%
1982 | 1983 | 1993 | +13 others Paris Saint-Germain
100%
1979 | 1999 | 2000 | 2022 FC Nantes
98%
1941 Girondins AS Port
98%
1986 | 1987 | 2013 Girondins de Bordeaux
98%
1924 | 1926 | 1927 | +7 others Olympique de Marseille
98%
2019 Stade Rennais FC
96%
1965 | 1971 Stade Rennais UC
96%
1957 | 2023 Toulouse FC
94%
1962 | 1968 | 1970 | +3 others AS Saint-Étienne
92%
1952 | 1954 | 1997 OGC Nice
92%
1960 | 1963 | 1980 | +2 others AS Monaco
88%
1951 | 1966 | 2001 RC Strasbourg
88%
1994 | 1996 | 2003 | 2005 AJ Auxerre
86%
1984 | 1988 FC Metz
80%
1950 | 1958 Stade de Reims
76%
1990 Montpellier HSC
75%
1929 SO montpelliérain
75%
1918 Olympique
73%
1978 AS Nancy-Lorraine
71%
1944 É.F. Nancy-Lorraine
71%
1937 FC Sochaux Montbéliard
71%
2007 FC Sochaux-Montbéliard
71%
1920 CA Paris
69%
1919 | 1925 CA Sports généraux
69%
1931 Club Français
69%
2009 | 2014 EA Guingamp
69%
1939 | 1940 | 1945 | +2 others RC Paris
69%
2002 FC Lorient
67%
1959 Le Havre
59%
1981 SC Bastia
59%
1930 | 1934 FC Sète
57%
1956 | 1961 UA Sedan-Torcy
55%
1921 | 1922 | 1923 | +2 others Red Star AC
45%
1932 AS Cannes
43%
1933 Excelsior
35%
Aucun quiz correspondant
Distribution des résultats
% des personnes avec chaque résultat
Percentile par nombre de réponses
Votre historique - résultats
Vous n’avez pas pris ce quiz depuis la dernière actualisation